| 000 | 00355nam a22001457a 4500 | ||
|---|---|---|---|
| 003 | MACL | ||
| 005 | 20190702162101.0 | ||
| 008 | 190702b xxu||||| |||| 00| 0 eng d | ||
| 040 | _cMACL | ||
| 100 |
_aShanu,Manish Singh _975734 |
||
| 245 | _aMeditation in School | ||
| 260 |
_aDelhi _bHeritage Pub. _c2017 |
||
| 650 |
_aPhilosophy _975735 |
||
| 942 |
_2ddc _cBK |
||
| 999 |
_c60391 _d60391 |
||